Easy Guitar Chords - Statistics

General Stats
  • This quiz has been taken 82 times
    59 since last reset
  • The average score is 9 of 12
Answer Stats
Hint Answer % Correct
After F G
100%
triangle on first 3 strings D
98%
Three fingers on fret 2 A
96%
Move all fingers over to the left from above C
94%
After E F
90%
2 fingers on fret 2 Em
86%
A type bar chord on fret 2 B
84%
Am type bar chord on fret 2 Bm
61%
combine the above and below Am
59%
Upside down D D7
43%
add one finger Dsus
43%
Move 2 fingers from above C2/Cadd9
24%
No matching quizzes found
Score Distribution
Percent of People with Each Score
Percentile by Number Answered
Your Score History
You have not taken this quiz since the last reset